| 000 | 01406cam a22004215i 4500 | ||
|---|---|---|---|
| 001 | 013497459 | ||
| 003 | EG-ScBUE | ||
| 005 | 20230104105523.0 | ||
| 008 | 060612s2004 cc a f 000 0 eng d | ||
| 020 | _a9787508506111 | ||
| 040 |
_aSOM _beng _erda _cSOM _dCUY _dUk _dEG-ScBUE |
||
| 041 | 1 |
_aeng _hchi |
|
| 043 | _aa-cc--- | ||
| 082 | 0 | 4 |
_222 _a745.0951 _bJIN |
| 100 | 1 |
_aJin, Zhilin, _eauthor. |
|
| 245 | 1 | 0 |
_aChinese folk arts / _cJin Zhilin ; translated by Wang Dehua. |
| 264 | 1 |
_aBeijing : _bChina International Press, _c2004. |
|
| 300 |
_a139 pages : _billustrations ; _c24 cm. |
||
| 336 |
_2rdacontent _atext _btxt |
||
| 337 |
_2rdamedia _aunmediated _bn |
||
| 338 |
_2rdacarrier _avolume _bnc |
||
| 490 | 0 | _aCultural China series | |
| 546 | _aText in English ; translated from the original Chinese. | ||
| 650 | 7 |
_aFolk art _zChina. _2BUEsh |
|
| 650 | 7 |
_aDecorative arts _zChina. _2BUEsh |
|
| 650 | 7 |
_aHandicraft _zChina. _2BUEsh |
|
| 651 | _2BUEsh | ||
| 653 |
_bGGEN _cFebruary2018 |
||
| 655 | _vReading book | ||
| 700 | 1 |
_aWang, Dehua, _etranslator. |
|
| 880 | 1 |
_6100-01/$1 _a靳之林. |
|
| 880 | 1 | 0 |
_6240-00/$1 _a中国民间美朮. _lEnglish |
| 880 |
_6500-02/$1 _a"译者金蓓" -- Colophon; "translated by Jin Bei" -- Cover. |
||
| 880 |
_6500-00/$1 _aColophon title: 中国民间美朮. |
||
| 880 | 1 |
_6700-03/$1 _a金蓓. |
|
| 942 |
_2ddc _cBB |
||
| 999 |
_c26097 _d26069 |
||